[Event "Iberoamerican-ch 8th"]
[Site "Mexico City"]
[Date "2022.02.18"]
[Round "8"]
[White "Jorajuria Mendoza, Zuben Algenubi"]
[Black "Guevara Sanchez, Erick Marvin"]
[Result "1-0"]
[WhiteElo "1582"]
[BlackElo "2145"]
[PlyCount "69"]
[EventDate "2022.02.12"]
[EventType "swiss"]
[EventRounds "9"]
[EventCountry "MEX"]
[SourceTitle "CBM 206 Extra"]
[Source "ChessBase"]
[SourceDate "2022.03.31"]
[SourceVersion "1"]
[SourceVersionDate "2022.03.31"]
[SourceQuality "1"]

1. e4 d5 2. exd5 Qd7 3. d6 Qxd6 4. Nc3 a6 5. d4 Nf6 6. Nf3 Bg4 7. g3 Nc6 8. Bg2 Qe6+ 9. Be3 Nd5 10. Nxd5 Qxd5 11. 0-0 Qh5 12. Bf4 0-0-0 13. Qd3 f6 14. Qb3 g5 15. Bd2 Bh3 16. d5 Nb8 17. c4 Bxg2 18. Kxg2 e5 19. Rfe1 Qf7 20. Rac1 h5 21. Qd3 Nd7 22. b4 Qh7 23. Qe2 Qf5 24. c5 Nb8 25. Qc4 Qd7 26. d6 cxd6 27. cxd6+ Nc6 28. a4 Kb8 29. b5 axb5 30. axb5 Qxd6 31. bxc6 Qc7 32. Ba5 Qxa5 33. c7+ Kc8 34. cxd8Q+ Kxd8 35. Qc8+ 1-0

[Event "Mexico City Latinoamericano op 1st"]
[Site "Mexico City"]
[Date "2021.11.05"]
[Round "1"]
[White "Guevara Sanchez, Erick Marvin"]
[Black "Jorajuria Mendoza, Zuben Algenubi"]
[Result "1-0"]
[WhiteElo "2173"]
[BlackElo "1672"]
[PlyCount "87"]
[EventDate "2021.11.04"]
[EventType "swiss"]
[EventRounds "9"]
[EventCountry "MEX"]
[SourceTitle "EXT 2023"]
[Source "ChessBase"]
[SourceDate "2022.10.05"]
[SourceVersion "1"]
[SourceVersionDate "2022.10.05"]
[SourceQuality "1"]

1. e4 e5 2. Nf3 Nc6 3. Bc4 Bc5 4. 0-0 d6 5. c3 Nf6 6. d3 h6 7. b4 Bb6 8. a4 a6 9. Be3 Ba7 10. Nbd2 0-0 11. Qb3 Ne7 12. Rfe1 c6 13. Qc2 Qc7 14. Bb3 Ng6 15. a5 Be6 16. Nf1 d5 17. Ng3 Ng4 18. Bxa7 Rxa7 19. d4 dxe4 20. Bxe6 fxe6 21. Qxe4 Nf4 22. dxe5 h5 23. h3 Nh6 24. Ng5 g6 25. Nxe6 Nxe6 26. Qxg6+ Qg7 27. Qxe6+ Rf7 28. Nxh5 Qg5 29. Nf6+ Kg7 30. Re3 Nf5 31. Rf3 Ra8 32. Rxf5 Qg6 33. Rf4 Raf8 34. Rg4 Rxf6 35. exf6+ Rxf6 36. Rxg6+ Kxg6 37. Qg8+ Kf5 38. Qg4+ Ke5 39. Re1+ Kd6 40. Qd4+ Kc7 41. Re7+ Kb8 42. Qd8+ Ka7 43. Qb6+ Kb8 44. Re8# 1-0